|
|
|
|
| LEADER |
00000nas a2200000 a 4500 |
| 001 |
ssj0017205 |
| 003 |
WaSeSS |
| 005 |
20200512172242.0 |
| 006 |
m d |
| 007 |
cr n |
| 008 |
891130c19889999dcuqr p s 0 a0eng c |
| 010 |
|
|
|a 93660046
|z sn 89002046
|
| 016 |
7 |
|
|a 9888089
|2 DNLM
|
| 016 |
7 |
|
|a SR0079696
|2 DNLM
|
| 022 |
|
|
|l 1047-5338
|y 1047-5338
|
| 035 |
|
|
|a (WaSeSS)ssj0017205
|
| 037 |
|
|
|b National Council of Returned Peace Corps Volunteers, 1319 F St., N.W., Rm. 900, Washington, DC 20004
|
| 040 |
|
|
|a NSDP
|b eng
|c NSDP
|d DLC
|d NSDP
|d NN
|d DNLM
|d OCoLC
|d WaSeSS
|
| 042 |
|
|
|a nsdp
|a pcc
|
| 050 |
0 |
0 |
|a HC60.5
|b .W67
|
| 082 |
0 |
0 |
|a 361.6
|2 20
|
| 130 |
0 |
|
|a WorldView (Washington, D.C.)
|
| 210 |
0 |
|
|a WorldView
|b (Wash. D.C. 1988)
|
| 222 |
|
0 |
|a WorldView
|b (Washington, D.C. 1988)
|
| 245 |
1 |
0 |
|a WorldView
|h [electronic resource] /
|c National Council of Returned Peace Corps Volunteers.
|
| 246 |
3 |
0 |
|a World view
|
| 246 |
1 |
7 |
|a WorldView magazine
|
| 260 |
|
|
|a Washington, D.C. :
|b The Council
|
| 310 |
|
|
|a Quarterly
|
| 362 |
1 |
|
|a Began in 1988.
|
| 506 |
|
|
|a License restrictions may limit access.
|
| 550 |
|
|
|a Issued by the National Peace Corps Association, <summer 2001->
|
| 588 |
|
|
|a Description based on: Vol. 2:3 (fall 1989); title from cover.
|
| 588 |
|
|
|a Latest issue consulted: Vol. 14, no. 3 (summer 2001).
|
| 610 |
2 |
0 |
|a Peace Corps (U.S.)
|
| 655 |
|
0 |
|a Electronic journals.
|
| 710 |
2 |
|
|a National Council of Returned Peace Corps Volunteers.
|
| 710 |
2 |
|
|a National Peace Corps Association.
|
| 850 |
|
|
|a DLC
|
| 856 |
4 |
0 |
|z Full text available from Research Library: 01/01/1999 to 10/31/2015
|u https://search.proquest.com/publication/33073
|